000 00392nam a2200157 i 4500
001 bg
100 1 _aRAABE, Tadeusz
245 0 _aMagazynowanie surowców i materiałów /
_cTadeusz Raabe, Roman Rejs.
250 _aWyd.2 zaktualiz.
260 _aWarszawa,
_c1973.
700 1 _aREJS, Roman
040 _cBPK
041 _apol
942 _cKS
008 s pl f |000 0 pol
999 _c26141
_d26141
856 _uhttp://koha.tu.koszalin.pl/cgi-bin/koha/opac-detail.pl?biblionumber=26141
_yKatalog online BPK